Statistiques concernant Villes de France par lettre - H / I / J / K (Carte Quiz)

Cliquez ici pour prendre le quiz!

Statistiques générales

  • Ce quiz a été pris 8 856 fois
  • Le résultat moyen est 9 sur 16

Réponses sur la Carte

Les réponses sont colorées sur une échelle allant du rouge au vert en fonction du pourcentage des utilisateurs qui les ont devinées à leur premier essai. Vous pouvez retrouver ces pourcentages ci-dessous.
 

Statistiques - réponses

Réponse% Correct
Ivry-sur-Seine
81%
Hyères
76%
Kourou
76%
Honfleur
75%
Koungou
71%
Issy-les-Moulineaux
69%
Hénin-Beaumont
67%
Hendaye
64%
Haguenau
58%
Joué-lès-Tours
58%
Istres
57%
Jonzac
51%
Issoire
44%
Issoudun
37%
Jurançon
37%
Joigny
31%

Distribution des résultats

Percentile par nombre de réponses

% des personnes avec chaque résultat

Votre développement - résultats

Vous n’avez pas pris ce quiz